VÝZNAM A SADOVNICKÉ HODNOCENÍ TISU ČERVENÉHO (TAXUS BACCATA L.)

Bibliographic Details
Main Author: Tábor, Ivo (Author)
Format: Article
Language:Slovak
Czech

MARC

LEADER 00000nab a2200000 a 4500
001 vtls010701470
003 SK-MaSNL
005 20260304191012.0
008 250709s1979 xo |||||||||||||||||slo|
035 |a (urnnbn)urn:nbn:sk:snk:ar-0028ot 
035 |a (uuid)7c7c34cf-b219-46fe-bc6d-aaa909610b71 
035 |a urn:nbn:sk:snk-ab35f8 
040 |a SNKBUCL  |b slo  |c SNKBUCL  |e AACR2 
041 0 |a cze 
044 |a xo  |c SK 
100 1 |a Tábor, Ivo  |4 aut  |9 277466 
245 1 0 |a VÝZNAM A SADOVNICKÉ HODNOCENÍ TISU ČERVENÉHO (TAXUS BACCATA L.)  |c Ivo Tábor 
773 0 |t Folia dendrologica  |g Roč. 5, č. 1 (1979), s. 35-50 
850 |a Slovenská národná knižnica 
852 |a Slovenská národná knižnica 
954 |a odborná, vedecká literatúra cudzojazyčná (svetová)  |2 lita 
958 |a article1 
958 |a OND 
958 |a EUIPO 
999 |c 3052015  |d 3053945